Statistics for Name a Country A-Z

Click here to take the quiz!

General Stats

  • This quiz has been taken 153 times
  • The average score is 24 of 24

Answer Stats

LetterAnswer% Correct
BBahamas | Bahrain | Bangladesh | +14
100%
EEast Timor | Ecuador | Egypt | +6
100%
GGabon | Gambia | Georgia | +8
100%
LLaos | Latvia | Lebanon | +6
100%
MMadagascar | Malawi | Malaysia | +14
100%
NNamibia | Nauru | Nepal | +8
100%
PPakistan | Palau | Panama | +6
100%
SSt. Kitts | Samoa | Senegal | +23
100%
UUganda | Ukraine | Uruguay | +4
100%
AAfghanistan | Albania | Algeria | +8
99%
CCambodia | Cameroon | Canada | +12
99%
IIceland | India | Indonesia | +6
99%
RRepublic of the Congo | Romania | Russia | Rwanda
99%
TTaiwan | Tajikistan | Tanzania | +8
99%
DDenmark | Djibouti | Dominica | +2
98%
FF.S. Micronesia | Fiji | Finland | France
98%
KKazakhstan | Kenya | Kiribati | +3
98%
VVanuatu | Vatican City | Venezuela | Vietnam
98%
ZZambia | Zimbabwe
98%
HHaiti | Honduras | Hungary
97%
JJamaica | Japan | Jordan
97%
YYemen
97%
OOman
95%
QQatar
94%

Score Distribution

Percentile by Number Answered

Percent of People with Each Score

Your Score History

You have not taken this quiz